Loading...
| History - Other | 0 | 9 | 0 | 1 | 90 | 44 | 77.11 | 4 | 8 | 0.00 | 0.00 |
| History - American | 0 | 5 | 1 | 1 | 45 | 32 | 77.40 | 2 | 3 | 0.00 | 0.00 |
| Philosophy | 0 | 4 | 1 | 0 | 35 | 83 | 109.50 | 1 | 2 | 0.00 | 0.00 |
| Social Science | 0 | 3 | 0 | 0 | 30 | 72 | 75.33 | 1 | 3 | 0.00 | 0.00 |
| History - European | 0 | 3 | 0 | 1 | 30 | 39 | 72.00 | 2 | 2 | 0.00 | 0.00 |
| History - World | 0 | 5 | 4 | 1 | 30 | 63 | 87.20 | 1 | 4 | 0.00 | 0.00 |
| Other Academic | 0 | 2 | 0 | 0 | 20 | 42 | 72.00 | 1 | 1 | 0.00 | 0.00 |
| Science - Physics | 0 | 1 | 0 | 0 | 10 | 25 | 25.00 | 1 | 1 | 0.00 | 0.00 |
| Literature - American | 0 | 1 | 0 | 0 | 10 | 16 | 16.00 | 1 | 1 | 0.00 | 0.00 |
| Fine Arts - Painting and Sculpture | 0 | 1 | 0 | 0 | 10 | 52 | 52.00 | 1 | 1 | 0.00 | 0.00 |
| Geography | 0 | 1 | 0 | 0 | 10 | 95 | 95.00 | 0 | 1 | 0.00 | 0.00 |
| Current Events | 0 | 1 | 0 | 0 | 10 | 102 | 102.00 | 0 | 0 | 0.00 | 0.00 |
| Mythology | 0 | 1 | 0 | 1 | 10 | 130 | 130.00 | 0 | 1 | 0.00 | 0.00 |
| Religion | 0 | 2 | 2 | 0 | 10 | 91 | 94.00 | 1 | 2 | 0.00 | 0.00 |
| Science - Other | 0 | 1 | 0 | 0 | 10 | 112 | 112.00 | 0 | 1 | 0.00 | 0.00 |
| Fine Arts - Classical Music | 0 | 1 | 1 | 0 | 5 | 97 | 97.00 | 0 | 1 | 0.00 | 0.00 |